| 000 | 00749nam a2200205 a 4500 | ||
|---|---|---|---|
| 001 | 000038141 | ||
| 005 | 20201002031201.0 | ||
| 008 | 130315s2000 dr r 000 0 spa d | ||
| 020 | _a9993429031 | ||
| 040 |
_aDO-SdBNP _bspa _cBNPHU |
||
| 082 |
_a306.2 _bP348a |
||
| 100 | 1 |
_aPaz Barreiro, Salvador de la _964502 |
|
| 245 | 1 | 0 |
_aLa antipolítica : _bentre el ensayo y la sátira / _cSalvador de la Paz Barreiro. |
| 260 |
_aSanto Domingo : _bCollado, _c2000. |
||
| 300 |
_a138 p. ; _c20 cm. |
||
| 590 | _aInventariado, 2018/MFF | ||
| 650 | 4 |
_aSociología política _xRepública dominicana _xEnsayos, conferencias,etc. _964503 |
|
| 650 | 4 |
_aDemocracia _xAspectos sociales _xEnsayos, conferencias,etc. _917228 |
|
| 910 | _aValidado. Control de calidad. EMS | ||
| 999 |
_c37631 _d37631 |
||